Les 10 plus grands départements - Statistiques

Statistiques générales
  • Ce quiz a été pris 138 fois
  • Le résultat moyen est 7 sur 10
Statistiques - réponses
Superficie (km2) Département % Correct
9 975 Gironde
99%
9 242 Landes
88%
9 060 Dordogne
75%
8 763 Côte-d'Or
74%
7 431 Isère
70%
8 735 Aveyron
67%
7 969 Puy-de-Dôme
64%
8 574 Saône-et-Loire
60%
7 644 Pyrénées-Atlantiques
55%
8 169 Marne
53%
Aucun quiz correspondant
Distribution des résultats
% des personnes avec chaque résultat
Percentile par nombre de réponses
Votre historique - résultats
Vous n’avez pas pris ce quiz